IT and the chartered surveyor (Record no. 105276)
[ view plain ]
| 000 -LEADER | |
|---|---|
| fixed length control field | 01406cam a2200289 4500 |
| 001 - CONTROL NUMBER | |
| control field | ##L132889 |
| 008 - FIXED-LENGTH DATA ELEMENTS--GENERAL INFORMATION | |
| fixed length control field | 060317n2006 000 0 eng u |
| 020 ## - INTERNATIONAL STANDARD BOOK NUMBER | |
| International Standard Book Number | 1904388523 |
| 035 ## - SYSTEM CONTROL NUMBER | |
| System control number | (Sirsi) u132889 |
| 041 0# - LANGUAGE CODE | |
| Language code of text/sound track or separate title | eng |
| 050 04 - LIBRARY OF CONGRESS CALL NUMBER | |
| Classification number | 029.7 $2 18 |
| 100 1# - MAIN ENTRY--PERSONAL NAME | |
| Personal name | Cherry, Stephen |
| 245 00 - TITLE STATEMENT | |
| Title | IT and the chartered surveyor |
| Remainder of title | a CPD study pack |
| 250 ## - EDITION STATEMENT | |
| Edition statement | [3rd ed.] |
| 260 ## - PUBLICATION, DISTRIBUTION, ETC. | |
| Place of publication, distribution, etc. | Reading |
| Name of publisher, distributor, etc. | College of Estate Management |
| Date of publication, distribution, etc. | 2006 |
| 300 ## - PHYSICAL DESCRIPTION | |
| Extent | 31p. |
| Other physical details | ill. |
| Dimensions | 30cm. |
| 350 ## - PRICE (NR) (BK AM CF MU VM SE) [OBSOLETE] | |
| Price | 29.50 |
| 490 #0 - SERIES STATEMENT | |
| Series statement | College of Estate Management CPD Study Pack |
| 505 2# - FORMATTED CONTENTS NOTE | |
| Formatted contents note | IT infrastructure - the building blocks -- National Land Information Service (NLIS) -- The office of the future -- Future office buildings -- Variants of standard IT services -- Voice over Internet working Protocols -- CPD questions and answers |
| 520 ## - SUMMARY, ETC. | |
| Summary, etc. | Sets out at a high level some of the issues facing organisations using information technology in the 21st century. Most corporate offices are occupied for only 50-55% of the working day, with companies seeking IT solutions to suit new ways of working. Surveyors need to ensure that best use is made of property in supporting the principal business objectives. |
| 520 ## - SUMMARY, ETC. | |
| Summary, etc. | Supersedes second edition (ISBN 1904388132). |
| 520 ## - SUMMARY, ETC. | |
| Summary, etc. | No audio material accompanies this item. |
| 690 ## - LOCAL SUBJECT ADDED ENTRY--TOPICAL TERM (OCLC, RLIN) | |
| Topical term or geographic name as entry element | MANAGEMENT-BUSINESS MANAGEMENT |
| 700 1# - ADDED ENTRY--PERSONAL NAME | |
| Personal name | Webber, Chris |
| 942 ## - ADDED ENTRY ELEMENTS (KOHA) | |
| Suppress in OPAC | 0 |
| Withdrawn status | Lost status | Source of classification or shelving scheme | Damaged status | Not for loan | Home library | Current library | Shelving location | Date acquired | Cost, normal purchase price | Total Checkouts | Full call number | Barcode | Date last seen | Date last checked out | Copy number | Cost, replacement price | Price effective from | Koha item type |
|---|---|---|---|---|---|---|---|---|---|---|---|---|---|---|---|---|---|---|
| Dewey Decimal Classification | London | London | Enquiry desk | 28/07/2006 | 25.07 | 19 | ENQUIRY DESK | 30073092 | 06/08/2019 | 29/01/2010 | 1 | 25.07 | 06/08/2019 | Audio |